00527nam a2200169Ia 4500100002000000650001200020942000700032366000900039654001200048245003700060260003500097082002000132300000800152546001200160999001700172952016800189 aYunus/Muhammad  aGeneral cBK f17.5 apoverty aCreating a world without poverty bPublic AffairsaNew Yorkc2007 a339.46/YUNbYUN a261 aENGLISH c27333d27333 001040708CRCaCRCEbCRCEd2023-03-17eEducational books and periodicalsg325.88i258 dt 27/04/2009l0o339.46/YUN YUNp19603r2023-03-17v395.00w0000-00-00yBK